Voyous de velours ou l'autre vue / (Record no. 107349)

MARC details
000 -LEADER
campo de control de longitud fija 00687nam a2200217 i 4500
001 - NÚMERO DE CONTROL
campo de control 107349
003 - IDENTIFICADOR DE NÚMERO DE CONTROL
campo de control ES-MaACL
005 - FECHA Y HORA DE LA ÚLTIMA TRANSACCIÓN
campo de control 20230906184408.0
007 - CAMPO FIJO DE DESCRIPCIÓN FÍSICA--INFORMACIÓN GENERAL
campo de control de longitud fija t|
008 - DATOS DE LONGITUD FIJA--INFORMACIÓN GENERAL
campo de control de longitud fija 070109s1991 be ||||1| fre d
020 ## - NÚMERO INTERNACIONAL ESTÁNDAR DEL LIBRO
Número Internacional Estándar del Libro 2-8040-0629-8
080 ## - NÚMERO DE LA CLASIFICACIÓN DECIMAL UNIVERSAL
Número de la Clasificación Decimal Universal 821.133.1(493)-31"19"
100 1# - ENTRADA PRINCIPAL--NOMBRE DE PERSONA
Nombre de persona Eekhoud, Georges.
9 (RLIN) 46681
245 10 - MENCIÓN DEL TÍTULO
Título Voyous de velours ou l'autre vue /
Mención de responsabilidad, etc. Georges Eekhoud ; préface de Jacques Izoard ; lecture de Paul Aron.
260 ## - PUBLICACIÓN, DISTRIBUCIÓN, ETC.
Lugar de publicación, distribución, etc. Bruxelles :
Nombre del editor, distribuidor, etc. Labor,
Fecha de publicación, distribución, etc. [1991]
300 ## - DESCRIPCIÓN FÍSICA
Extensión 189 p. :
Otras características físicas il. ;
Dimensiones 18 cm.
500 ## - NOTA GENERAL
Nota general Biblioteca Jacinto Martínez Lacalle.
700 1# - ENTRADA AGREGADA--NOMBRE PERSONAL
Nombre de persona Izoard, Jacques.
9 (RLIN) 65694
700 1# - ENTRADA AGREGADA--NOMBRE PERSONAL
Nombre de persona Aron, Paul.
9 (RLIN) 23154
852 ## - LOCALIZACIÓN
Ubicación ES-MaACL
Número de control de estantería E-11504
Sublocalización o colección R.139505
Holdings
Estatus retirado Estado de pérdida Estado de daño No para préstamo Biblioteca de origen Biblioteca actual Ubicación en estantería Fecha de adquisición Fuente de adquisición Total de préstamos Signatura topográfica completa Código de barras Visto por última vez Precio de reemplazo Tipo de ítem Koha
        Biblioteca del Ateneo de Madrid Biblioteca del Ateneo de Madrid Depósito 2 17/01/2008     E-11504 1112038 23/02/2023 23/02/2023 Libro impreso